<?xml version="1.0" encoding="UTF-8"?>
<collection xmlns="http://www.loc.gov/MARC21/slim">
 <record>
  <leader>01167nam a2200253 a 4500</leader>
  <controlfield tag="001">722549</controlfield>
  <controlfield tag="008">090525s1996    bg b          100 0 eng d</controlfield>
  <datafield tag="010" ind1=" " ind2=" ">
   <subfield code="a">   97903168 </subfield>
  </datafield>
  <datafield tag="020" ind1=" " ind2=" ">
   <subfield code="a">9843002393</subfield>
  </datafield>
  <datafield tag="040" ind1=" " ind2=" ">
   <subfield code="a">DLC</subfield>
   <subfield code="c">DLC</subfield>
  </datafield>
  <datafield tag="082" ind1="0" ind2="0">
   <subfield code="a">551.6</subfield>
   <subfield code="2">21</subfield>
  </datafield>
  <datafield tag="100" ind1="1" ind2=" ">
   <subfield code="a">Haque, Mahfuzul.</subfield>
  </datafield>
  <datafield tag="245" ind1="1" ind2="0">
   <subfield code="a">Climate change :</subfield>
   <subfield code="b">issues for the policy makers of Bangladesh /</subfield>
   <subfield code="c">Mahfuzul Haque.</subfield>
  </datafield>
  <datafield tag="260" ind1=" " ind2=" ">
   <subfield code="a">Dhaka, Bangladesh :</subfield>
   <subfield code="b">Environment and Development Alliance,</subfield>
   <subfield code="c">1996.</subfield>
  </datafield>
  <datafield tag="300" ind1=" " ind2=" ">
   <subfield code="a">iii, 84 p. :</subfield>
   <subfield code="b">maps ;</subfield>
   <subfield code="c">23 cm.</subfield>
  </datafield>
  <datafield tag="541" ind1="1" ind2=" ">
   <subfield code="e">00007070</subfield>
  </datafield>
  <datafield tag="650" ind1=" " ind2="0">
   <subfield code="a">Greenhouse effect, Atmospheric</subfield>
   <subfield code="x">Environmental aspects</subfield>
   <subfield code="z">Bangladesh.</subfield>
  </datafield>
  <datafield tag="650" ind1=" " ind2="0">
   <subfield code="a">Climatic changes</subfield>
   <subfield code="x">Government policy</subfield>
   <subfield code="z">Bangladesh.</subfield>
  </datafield>
  <datafield tag="650" ind1=" " ind2="0">
   <subfield code="a">Global warming</subfield>
   <subfield code="x">Government policy</subfield>
   <subfield code="z">Bangladesh.</subfield>
  </datafield>
  <datafield tag="710" ind1="2" ind2=" ">
   <subfield code="a">Environment and Development Alliance (Dhaka, Bangladesh)</subfield>
  </datafield>
  <datafield tag="711" ind1="2" ind2=" ">
   <subfield code="a">Workshop on &quot;Special Situation of Low-lying Deltaic Countries to Climate Change: Issues for the Policy Makers of Bangladesh&quot;.</subfield>
  </datafield>
  <datafield tag="852" ind1="4" ind2=" ">
   <subfield code="a">Ayesha Abed Library</subfield>
   <subfield code="j">General Shelf.</subfield>
  </datafield>
  <datafield tag="999" ind1=" " ind2=" ">
   <subfield code="c">994</subfield>
   <subfield code="d">994</subfield>
  </datafield>
  <datafield tag="952" ind1=" " ind2=" ">
   <subfield code="0">0</subfield>
   <subfield code="1">0</subfield>
   <subfield code="2">ddc</subfield>
   <subfield code="4">0</subfield>
   <subfield code="6">551_600000000000000_HAQ</subfield>
   <subfield code="7">0</subfield>
   <subfield code="9">901</subfield>
   <subfield code="a">BRACUL</subfield>
   <subfield code="b">BRACUL</subfield>
   <subfield code="c">GEN</subfield>
   <subfield code="d">2009-06-22</subfield>
   <subfield code="e">Not found</subfield>
   <subfield code="l">3</subfield>
   <subfield code="m">1</subfield>
   <subfield code="o">551.6 HAQ</subfield>
   <subfield code="p">3010007070</subfield>
   <subfield code="r">2022-08-25</subfield>
   <subfield code="s">2022-08-22</subfield>
   <subfield code="t">1</subfield>
   <subfield code="w">2009-06-22</subfield>
   <subfield code="y">BK</subfield>
  </datafield>
 </record>
</collection>
